|
|
|
|
| LEADER |
01627nam a2200421 a 4500 |
| 001 |
000245363 |
| 003 |
CZ BrMZK |
| 005 |
20201103083626.0 |
| 007 |
ta |
| 008 |
010907s1999 xr e f 000 cze d |
| 015 |
|
|
|a cnb000738338
|
| 020 |
|
|
|a 80-86015-45-9
|
| 035 |
|
|
|a (OCoLC)84977689
|
| 040 |
|
|
|a BOA001
|b cze
|
| 072 |
|
7 |
|a 641
|x Kuchařství. Potraviny. Vařená jídla
|2 Konspekt
|9 19
|
| 080 |
|
|
|a 616.12-008.331.1
|2 MRF
|
| 080 |
|
|
|a 615.874.2
|2 MRF
|
| 080 |
|
|
|a 641.563
|2 MRF
|
| 080 |
|
|
|a (083.12)
|2 MRF
|
| 080 |
|
|
|a (035)
|2 MRF
|
| 100 |
1 |
|
|a Gregor, Pavel,
|d 1952-
|7 jn20000400806
|4 aut
|
| 245 |
1 |
0 |
|a Diety při onemocnění hypertenzí :
|b (vysoký krevní tlak) : recepty, rady lékaře /
|c [Pavel Gregor, Tamara Starnovská].
|
| 246 |
3 |
3 |
|a Recepty, rady lékaře
|
| 260 |
|
|
|a Praha :
|b Sdružení MAC,
|c 1999
|
| 300 |
|
|
|a 31 s. :
|b il. ;
|c 20 cm
|
| 490 |
1 |
|
|a Diety pro nejčastější choroby ;
|v sv. 24
|
| 500 |
|
|
|a Dostupné též v digitální podobě v aplikaci Kramerius
|
| 650 |
0 |
7 |
|a hypertenze
|7 ph114744
|2 czenas
|
| 650 |
0 |
7 |
|a dietoterapie
|7 ph119436
|2 czenas
|
| 650 |
0 |
7 |
|a dietní jídla
|7 ph114317
|2 czenas
|
| 655 |
|
7 |
|a kuchařské recepty
|7 fd132687
|2 czenas
|
| 655 |
|
7 |
|a příručky
|7 fd133209
|2 czenas
|
| 700 |
1 |
|
|a Starnovská, Tamara,
|d 1957-
|7 xx0008844
|4 aut
|
| 830 |
|
0 |
|a Diety pro nejčastější choroby
|0 s
|
| 856 |
4 |
1 |
|u http://www.digitalniknihovna.cz/mzk/uuid/uuid:79528540-6cc0-11e5-9e57-005056827e52
|y Digitalizovaný dokument
|x NDK
|
| 910 |
|
|
|a BOA001
|b 2-1062.588
|
| 990 |
|
|
|a BK
|
| 996 |
6 |
|
|b 2610098449
|c 2-1062.588
|l MZK
|r Sklad / do 1 hodiny
|n 9
|p p.v.
|w 000245363
|u 000010
|a 1
|e BOA001
|j MZK50
|s P
|